মরু-ভাস্কর/ (Record no. 17965)

MARC details
000 -LEADER
fixed length control field 00767nam a22001937a 4500
003 - CONTROL NUMBER IDENTIFIER
control field BDDh-ASL
005 - DATE AND TIME OF LATEST TRANSACTION
control field 20231015025649.0
008 - FIXED-LENGTH DATA ELEMENTS--GENERAL INFORMATION
fixed length control field 200915b1969 ||||| |||| 00| 0 d
040 ## - CATALOGING SOURCE
Original cataloging agency BDDh-ASL
Transcribing agency BDDh-ASL
Modifying agency BDDh-ASL
041 ## - LANGUAGE CODE
Language code of text/sound track or separate title bengali
082 ## - DEWEY DECIMAL CLASSIFICATION NUMBER
Classification number 297.63092
Item number ISM
100 ## - MAIN ENTRY--PERSONAL NAME
9 (RLIN) 781
Personal name ইসলাম, নজরুল
245 1# - TITLE STATEMENT
Title মরু-ভাস্কর/
Statement of responsibility, etc. নজরুল ইসলাম।
246 ## - VARYING FORM OF TITLE
Title proper/short title Moru Bhashkar.
260 ## - PUBLICATION, DISTRIBUTION, ETC.
Place of publication, distribution, etc. ঢাকা:
Name of publisher, distributor, etc. প্রভিন্সিয়াল বুক ডিপো লিঃ,
Date of publication, distribution, etc. ১৯৬৯।
-- ১৯৬৬।
300 ## - PHYSICAL DESCRIPTION
Extent ১৪৩ পৃষ্ঠা:
Dimensions ২০ সে. মি.।
650 #0 - SUBJECT ADDED ENTRY--TOPICAL TERM
Topical term or geographic name entry element কাজী নজরুল ইসলাম
General subdivision ইসলাম ধর্ম
9 (RLIN) 783
942 ## - ADDED ENTRY ELEMENTS (KOHA)
Source of classification or shelving scheme Dewey Decimal Classification
Koha item type Books
Holdings
Withdrawn status Lost status Source of classification or shelving scheme Damaged status Not for loan Collection code Home library Current library Shelving location Date acquired Source of acquisition Total Checkouts Full call number Barcode Date last seen Copy number Price effective from Koha item type
    Dewey Decimal Classification     Non-fiction Asiatic Society Library Asiatic Society Library General Stacks 09/15/2020 Donated by Prof. (Dr.) M. Abdul Qayyum & Dr. Razia Sultana   297.63092 ISM 101106 09/15/2020 C-1 09/15/2020 Books
    Dewey Decimal Classification     Non-fiction Asiatic Society Library Asiatic Society Library General Stacks 09/15/2022 Donated by Prof. (Dr.) M. Abdul Qayyum & Dr. Razia Sultana   297.63092 ISM 117373 09/15/2022 C-2 09/15/2022 Books

Powered by Koha